| 000 | 00472cam a2200193ua 4500 | ||
|---|---|---|---|
| 020 | _c895.00 | ||
| 041 |
_aeng _h |
||
| 082 |
_a627.02 _bSIN/WA |
||
| 100 | _aSingh, A . | ||
| 245 |
_aWater management / _cA Singh. _hTextual Documents |
||
| 260 |
_aNew Delhi : _bArise Publishers & Distributors , _c2008. |
||
| 300 | _a336 ; . | ||
| 365 | _a895.00 | ||
| 504 | _a | ||
| 700 | 1 | _aSeema, Singh . | |
| 942 | _cBK | ||
| 999 |
_c13190 _d13190 |
||